| 000 | 00561nam a2200205 a 4500 | ||
|---|---|---|---|
| 001 | 2289 | ||
| 003 | CDMR | ||
| 005 | 20131121131356.0 | ||
| 008 | 130130s1991||||||||||||||||||||||||||||d | ||
| 020 | _a8475096670 | ||
| 040 |
_aCDMR _bcat _cCDMR |
||
| 100 | 1 |
_aMattelart, Armand _9379 |
|
| 245 | 1 | 3 |
_aLa publicidad _cArmand Mattelart |
| 260 |
_aBarcelona _c1991 _bPaidós |
||
| 300 |
_a135 p ; _c22 cm |
||
| 490 | 0 |
_aPaidos Comunicación _v45 |
|
| 650 | 0 | 4 |
_94324 _aPublicitat _xAspectes econòmics |
| 650 | 0 | 4 |
_94372 _aPublicitat _xAspectes polítics |
| 942 |
_cMON _2udc |
||
| 999 |
_c2289 _d2289 |
||